[Event "South Wales op 20th"]
[Site "Bridgend"]
[Date "2025.07.04"]
[Round "1"]
[White "Archibald, Mckenzie"]
[Black "Burrows, Martin P"]
[Result "0-1"]
[WhiteElo "1718"]
[BlackElo "2057"]
[PlyCount "65"]
[EventDate "2025.07.04"]
[EventType "swiss"]
[EventRounds "9"]
[EventCountry "WLS"]
[SourceTitle "CB29_2025"]
[SourceDate "2025.07.16"]
[SourceVersion "1"]
[SourceVersionDate "2025.07.16"]
[SourceQuality "1"]

1. d4 Nf6 2. g3 d5 3. Bg2 e6 4. Nf3 b5 5. a4 b4 6. Ne5 Bb7 7. c4 bxc3 8. bxc3 Nbd7 9. f4 Be7 10. 0-0 0-0 11. c4 c5 12. Ba3 cxd4 13. Bxe7 Qxe7 14. Nxd7 Nxd7 15. Qxd4 Rfd8 16. cxd5 exd5 17. Nc3 Nf6 18. Rad1 Rac8 19. Rd3 Ba6 20. Nb5 Bxb5 21. Re3 Qc5 22. Qxc5 Rxc5 23. axb5 Rxb5 24. Ra3 a5 25. Rd1 Re8 26. Bf3 h5 27. Rad3 a4 28. Bxd5 Nxd5 29. Rxd5 Rxd5 30. Rxd5 Rxe2 31. Rxh5 a3 32. Ra5 a2 33. h4 0-1

[Event "Daventry 4NCL Easter op"]
[Site "Daventry"]
[Date "2025.04.21"]
[Round "6"]
[White "Sooraj, Menothuparam Raju"]
[Black "Burrows, Martin P"]
[Result "0-1"]
[WhiteElo "2154"]
[BlackElo "2026"]
[PlyCount "74"]
[EventDate "2025.04.18"]
[EventType "swiss"]
[EventRounds "7"]
[EventCountry "ENG"]
[SourceTitle "CB17_2025"]
[SourceDate "2025.04.23"]
[SourceVersion "1"]
[SourceVersionDate "2025.04.23"]
[SourceQuality "1"]

1. Nf3 Nf6 2. g3 d5 3. Bg2 e6 4. 0-0 Be7 5. c4 0-0 6. b3 b6 7. Bb2 c5 8. cxd5 Nxd5 9. d4 Bb7 10. dxc5 Bxc5 11. a3 Nd7 12. Nbd2 Rc8 13. e4 N5f6 14. Qe2 Qc7 15. Rac1 Qb8 16. e5 Nd5 17. Ng5 Be7 18. Qh5 h6 19. Nge4 Rxc1 20. Rxc1 Rc8 21. Nc4 Ba6 22. Ncd6 Rxc1+ 23. Bxc1 Qf8 24. b4 Bd3 25. Bb2 Bxe4 26. Nxe4 a5 27. bxa5 bxa5 28. Nd6 Bxd6 29. exd6 Qxd6 30. Qg4 N7f6 31. Qa4 Qb6 32. Bd4 Qb1+ 33. Bf1 Qe4 34. Qd1 Qf5 35. Qd2 Ne4 36. Qxa5 Ng5 37. f4 Nf3+ 0-1

[Event "Daventry 4NCL Easter op"]
[Site "Daventry"]
[Date "2025.04.20"]
[Round "4"]
[White "Gilmore, Simon N"]
[Black "Burrows, Martin P"]
[Result "0-1"]
[WhiteElo "1941"]
[BlackElo "2026"]
[PlyCount "62"]
[EventDate "2025.04.18"]
[EventType "swiss"]
[EventRounds "7"]
[EventCountry "ENG"]
[SourceTitle "CB17_2025"]
[SourceDate "2025.04.23"]
[SourceVersion "1"]
[SourceVersionDate "2025.04.23"]
[SourceQuality "1"]

1. e4 c5 2. c4 e6 3. Nf3 Nc6 4. d4 cxd4 5. Nxd4 Nf6 6. Nc3 Bb4 7. Nxc6 bxc6 8. Bd3 e5 9. Bd2 0-0 10. 0-0 Bc5 11. Na4 Bd4 12. c5 d5 13. cxd6 Qxd6 14. Nc3 Be6 15. Qc2 Rab8 16. b3 h6 17. Rac1 Rfd8 18. Bc4 Bxc4 19. bxc4 Qe6 20. Na4 Rb7 21. h3 Rdb8 22. Kh1 c5 23. f3 Nh5 24. Kh2 Qg6 25. g4 Nf4 26. Bxf4 exf4 27. Rb1 Qf6 28. Rxb7 Rxb7 29. Rb1 Qh4 30. Rxb7 Qg3+ 31. Kh1 Qg1# 0-1

[Event "WchT Seniors 50"]
[Site "Prague"]
[Date "2025.02.19"]
[Round "3.1"]
[White "Haba, Petr"]
[Black "Burrows, Martin P"]
[Result "1-0"]
[WhiteElo "2442"]
[BlackElo "2043"]
[PlyCount "67"]
[EventDate "2025.02.17"]
[EventType "team-swiss"]
[EventRounds "9"]
[EventCountry "CZE"]
[SourceTitle "CB09_2025"]
[SourceDate "2025.02.27"]
[SourceVersion "1"]
[SourceVersionDate "2025.02.27"]
[SourceQuality "1"]
[WhiteTeam "Czech Republic 50"]
[BlackTeam "England 50 III"]
[WhiteTeamCountry "CZE"]
[BlackTeamCountry "ENG"]

1. Nf3 Nf6 2. c4 e6 3. g3 d5 4. Bg2 d4 5. 0-0 Nc6 6. d3 Bc5 7. e3 0-0 8. exd4 Nxd4 9. Nc3 Re8 10. Nxd4 Bxd4 11. Ne2 c5 12. Nxd4 cxd4 13. Bg5 h6 14. Bxf6 Qxf6 15. c5 e5 16. Rc1 Rb8 17. Qa4 Bf5 18. Rfd1 Bg4 19. Re1 Bf3 20. b4 a6 21. Rc4 Bxg2 22. Kxg2 Re6 23. Qd7 Qg6 24. Re4 Qg5 25. Rc2 Re7 26. Qd5 Rbe8 27. Rce2 Qf6 28. f4 Kh7 29. Rxe5 Rxe5 30. Rxe5 Rd8 31. Qxb7 g5 32. Qe4+ Kg7 33. fxg5 hxg5 34. Rf5 1-0

[Event "Hastings Masters op 98th"]
[Site "Hastings"]
[Date "2024.12.31"]
[Round "5"]
[White "Nielsen, Andre"]
[Black "Burrows, Martin P"]
[Result "1/2-1/2"]
[WhiteElo "2276"]
[BlackElo "2042"]
[PlyCount "121"]
[EventDate "2024.12.28"]
[EventType "swiss"]
[EventRounds "9"]
[EventCountry "ENG"]
[SourceTitle "CB02_2025"]
[SourceDate "2025.01.08"]
[SourceVersion "1"]
[SourceVersionDate "2025.01.08"]
[SourceQuality "1"]

1. e4 c5 2. Nf3 d6 3. d4 cxd4 4. Nxd4 Nf6 5. Nc3 a6 6. f4 e5 7. Nb3 Be7 8. fxe5 dxe5 9. Qxd8+ Bxd8 10. Be3 Nbd7 11. a4 b6 12. Be2 Bb7 13. Bf3 Be7 14. 0-0-0 Rc8 15. Rhf1 h5 16. h3 Bb4 17. Nd5 Nxd5 18. exd5 Bd6 19. g4 Rc4 20. a5 b5 21. gxh5 f5 22. Bg5 0-0 23. Bg2 Bc8 24. Nd2 Rc7 25. h4 Nf6 26. h6 Ng4 27. hxg7 Rxg7 28. Rde1 Kh7 29. Bh3 Nh6 30. Nf3 e4 31. Nd4 Bg3 32. Re2 Rgf7 33. Ne6 Rg8 34. Bxh6 Kxh6 35. Rxf5 Bxe6 36. dxe6 Bf4+ 37. Kb1 Rxf5 38. Bxf5 e3 39. Be4 Re8 40. Bd5 Kg7 41. c4 bxc4 42. Bxc4 Kf6 43. Bxa6 Ra8 44. Bc4 Rxa5 45. Rg2 Rh5 46. Rg8 Bd6 47. Rg4 Re5 48. Rf4+ Kg6 49. Rg4+ Kf6 50. Rg2 Rh5 51. Rg4 Re5 52. Rg1 e2 53. Re1 Bb4 54. Rxe2 Rxe2 55. Bxe2 Kxe6 56. h5 Kf7 57. Kc2 Kg7 58. Kd3 Be7 59. Kc4 Bd6 60. b4 Bxb4 61. Kxb4 1/2-1/2

[Event "BCF-ch Seniors 50"]
[Site "Hull"]
[Date "2024.08.04"]
[Round "7"]
[White "Burrows, Martin P"]
[Black "Zeidler, Sven P"]
[Result "1-0"]
[WhiteElo "2010"]
[BlackElo "2116"]
[PlyCount "77"]
[EventDate "2024.07.29"]
[EventType "swiss"]
[EventRounds "7"]
[EventCountry "ENG"]
[SourceTitle "CBM 221 Extra"]
[Source "ChessBase"]
[SourceDate "2024.09.30"]
[SourceVersion "1"]
[SourceVersionDate "2024.09.30"]
[SourceQuality "1"]

1. e4 Nc6 2. Nf3 d6 3. d4 Nf6 4. Nc3 g6 5. Be3 Bg7 6. Qd2 a6 7. h3 0-0 8. d5 Na7 9. a4 c6 10. Be2 Bd7 11. 0-0 Qc7 12. Bh6 b5 13. Bxg7 Kxg7 14. axb5 axb5 15. dxc6 Bxc6 16. Nd5 Qb7 17. Nxf6 exf6 18. Qxd6 Bxe4 19. c3 Nc6 20. Nd2 Rad8 21. Qf4 Bd5 22. Bf3 Ne5 23. Bxd5 Qxd5 24. Ne4 f5 25. Ng3 Nd3 26. Qg5 Qe5 27. f4 Qc5+ 28. Kh2 f6 29. Nh5+ Kh8 30. Nxf6 Qb6 31. Nxh7 Rf7 32. Ra6 Qxa6 33. Qxd8+ Kxh7 34. Qxd3 Qc6 35. Rd1 Re7 36. Qd5 Qb6 37. Rd4 Re1 38. Qf7+ Kh6 39. Qf8+ 1-0

[Event "BCF-ch Seniors 50"]
[Site "Hull"]
[Date "2024.08.02"]
[Round "5"]
[White "Burrows, Martin P"]
[Black "Ciuravin, Andrei"]
[Result "0-1"]
[WhiteElo "2010"]
[BlackElo "2044"]
[PlyCount "104"]
[EventDate "2024.07.29"]
[EventType "swiss"]
[EventRounds "7"]
[EventCountry "ENG"]
[SourceTitle "CBM 221 Extra"]
[Source "ChessBase"]
[SourceDate "2024.09.30"]
[SourceVersion "1"]
[SourceVersionDate "2024.09.30"]
[SourceQuality "1"]

1. e4 b6 2. d4 Bb7 3. Bd3 Nf6 4. Qe2 e6 5. Nf3 Be7 6. 0-0 c5 7. c3 Nc6 8. a3 Na5 9. Nbd2 c4 10. Bc2 Qc7 11. Rb1 Rc8 12. e5 Nd5 13. Ne4 h6 14. h4 d6 15. exd6 Bxd6 16. Nxd6+ Qxd6 17. Ne5 Nf6 18. Ba4+ Kf8 19. Bf4 Qd5 20. f3 b5 21. Bc2 Nc6 22. Rbd1 Ne7 23. Bh2 Qd8 24. Rfe1 Bd5 25. Qf2 Nc6 26. Ng4 Qb6 27. Nxf6 gxf6 28. Bd6+ Ke8 29. Bc5 Qc7 30. Be4 Rd8 31. Kh1 Rg8 32. Rg1 f5 33. Bxd5 Rxd5 34. g3 Kd7 35. Kh2 Kc8 36. a4 a6 37. axb5 axb5 38. Ra1 Kb7 39. b3 cxb3 40. Qe2 Rb8 41. Rgb1 Kc8 42. Rxb3 b4 43. Bxb4 e5 44. dxe5 Nxe5 45. Kh3 f4 46. Rba3 Qd7+ 47. g4 h5 48. Ra7 hxg4+ 49. fxg4 Rd3+ 50. Kg2 f3+ 51. Qxf3 Nxf3 52. Rxd7 Nxh4+ 0-1

[Event "BCF-ch Seniors 50"]
[Site "Hull"]
[Date "2024.07.31"]
[Round "3"]
[White "Burrows, Martin P"]
[Black "Wilson, Matthew R"]
[Result "1-0"]
[WhiteElo "2010"]
[BlackElo "1832"]
[PlyCount "135"]
[EventDate "2024.07.29"]
[EventType "swiss"]
[EventRounds "7"]
[EventCountry "ENG"]
[SourceTitle "CBM 221 Extra"]
[Source "ChessBase"]
[SourceDate "2024.09.30"]
[SourceVersion "1"]
[SourceVersionDate "2024.09.30"]
[SourceQuality "1"]

1. e4 e5 2. Nf3 Nf6 3. Nxe5 d6 4. Nf3 Nxe4 5. Nc3 Nxc3 6. dxc3 Be7 7. Bf4 0-0 8. Qd2 Nd7 9. 0-0-0 Nc5 10. Kb1 Re8 11. Be3 Ne4 12. Qc1 Bd7 13. Bd3 Bc6 14. Nd4 Qd7 15. f3 Nf6 16. Bf5 Qd8 17. g4 Bd7 18. h4 c5 19. Bxd7 Qxd7 20. Nf5 Qc6 21. Bg5 d5 22. h5 Bf8 23. Bxf6 Qxf6 24. Rxd5 Rad8 25. Rxd8 Rxd8 26. Qe3 h6 27. Ng3 Qg5 28. Qxg5 hxg5 29. Ne4 f6 30. c4 Kf7 31. b3 b6 32. Rf1 Rd4 33. c3 Rd7 34. Kc2 g6 35. hxg6+ Kxg6 36. Rh1 Bg7 37. Rd1 Rxd1 38. Kxd1 f5 39. Nd6 fxg4 40. fxg4 Be5 41. Ne4 Bf4 42. Ke2 Kf7 43. b4 cxb4 44. cxb4 a5 45. bxa5 bxa5 46. a4 Ke6 47. Nc5+ Kd6 48. Nd3 Bh2 49. Kf3 Bg1 50. Ke4 Kc6 51. Kf3 Bd4 52. Ke2 Bg1 53. Kd2 Bd4 54. Kc2 Bg1 55. Kc3 Be3 56. Ne1 Bf2 57. Nf3 Be3 58. Nd2 Bf2 59. Kd3 Bg3 60. Nb3 Bc7 61. Ke4 Bb6 62. Ke5 Bc7+ 63. Kd4 Bd8 64. c5 Bf6+ 65. Kc4 Bd8 66. Nd4+ Kd7 67. Kd5 Bc7 68. Ne6 1-0

[Event "BCF-ch Seniors 50"]
[Site "Hull"]
[Date "2024.07.29"]
[Round "1"]
[White "Burrows, Martin P"]
[Black "Swiatkowski, Aram"]
[Result "1-0"]
[WhiteElo "2010"]
[BlackElo "1782"]
[PlyCount "47"]
[EventDate "2024.07.29"]
[EventType "swiss"]
[EventRounds "7"]
[EventCountry "ENG"]
[SourceTitle "CBM 221 Extra"]
[Source "ChessBase"]
[SourceDate "2024.09.30"]
[SourceVersion "1"]
[SourceVersionDate "2024.09.30"]
[SourceQuality "1"]

1. e4 e5 2. Nf3 Nc6 3. Bb5 a6 4. Ba4 Nf6 5. 0-0 b5 6. Bb3 Be7 7. Re1 0-0 8. d3 Bb7 9. Nc3 h6 10. Bd2 Bc5 11. h3 d6 12. a4 Nd4 13. Nxd4 Bxd4 14. axb5 Bxc3 15. Bxc3 axb5 16. Rxa8 Qxa8 17. f4 Qa7+ 18. Kh2 Qc5 19. Rf1 exf4 20. Rxf4 Nh5 21. Rf5 Qe3 22. Qxh5 d5 23. Rf3 Qe2 24. exd5 1-0

[Event "WchT Seniors 50"]
[Site "Krakow"]
[Date "2024.07.10"]
[Round "8.2"]
[White "Lauterbach, Ingrid"]
[Black "Burrows, Martin P"]
[Result "1/2-1/2"]
[WhiteElo "2023"]
[BlackElo "2010"]
[PlyCount "34"]
[EventDate "2024.07.02"]
[EventType "team-swiss"]
[EventRounds "9"]
[EventCountry "POL"]
[SourceTitle "CBM 221 Extra"]
[Source "ChessBase"]
[SourceDate "2024.09.30"]
[SourceVersion "1"]
[SourceVersionDate "2024.09.30"]
[SourceQuality "1"]
[WhiteTeam "England 50 (W)"]
[BlackTeam "England 50 III"]
[WhiteTeamCountry "ENG"]
[BlackTeamCountry "ENG"]

1. e4 c5 2. Nf3 d6 3. d4 cxd4 4. Qxd4 Nc6 5. Qd3 g6 6. Nc3 Bg7 7. Be2 Nf6 8. 0-0 0-0 9. a3 Bd7 10. Bg5 h6 11. Bf4 Rc8 12. Rad1 a6 13. Bc1 Re8 14. h3 Kh7 15. Qe3 Qc7 16. Bd3 Kg8 17. Rfe1 Be6 1/2-1/2

[Event "WchT Seniors 50"]
[Site "Krakow"]
[Date "2024.07.05"]
[Round "4.2"]
[White "Sielicki, Tomasz"]
[Black "Burrows, Martin P"]
[Result "1/2-1/2"]
[WhiteElo "2017"]
[BlackElo "2010"]
[PlyCount "38"]
[EventDate "2024.07.02"]
[EventType "team-swiss"]
[EventRounds "9"]
[EventCountry "POL"]
[SourceTitle "CBM 221 Extra"]
[Source "ChessBase"]
[SourceDate "2024.09.30"]
[SourceVersion "1"]
[SourceVersionDate "2024.09.30"]
[SourceQuality "1"]
[WhiteTeam "Poland Amateurs 50"]
[BlackTeam "England 50 III"]
[WhiteTeamCountry "POL"]
[BlackTeamCountry "ENG"]

1. d4 e6 2. e4 d5 3. exd5 exd5 4. Nf3 c6 5. Bd3 Bd6 6. 0-0 Ne7 7. c4 dxc4 8. Bxc4 0-0 9. Bg5 Nd7 10. Re1 Nb6 11. Bb3 Qc7 12. Nc3 Ned5 13. Rc1 Be6 14. Nb5 Qb8 15. Nxd6 Qxd6 16. Bh4 Rfe8 17. Bg3 Qf8 18. Bc2 h6 19. a3 Nd7 1/2-1/2

[Event "WchT Seniors 50"]
[Site "Krakow"]
[Date "2024.07.04"]
[Round "3.2"]
[White "Burrows, Martin P"]
[Black "Norinkeviciute, Rasa"]
[Result "1/2-1/2"]
[WhiteElo "2010"]
[BlackElo "1922"]
[PlyCount "83"]
[EventDate "2024.07.02"]
[EventType "team-swiss"]
[EventRounds "9"]
[EventCountry "POL"]
[SourceTitle "CBM 221 Extra"]
[Source "ChessBase"]
[SourceDate "2024.09.30"]
[SourceVersion "1"]
[SourceVersionDate "2024.09.30"]
[SourceQuality "1"]
[WhiteTeam "England 50 III"]
[BlackTeam "Lithuania 50 (W)"]
[WhiteTeamCountry "ENG"]
[BlackTeamCountry "LTU"]

1. e4 c5 2. Nf3 d6 3. d4 cxd4 4. Nxd4 Nf6 5. Nc3 a6 6. Bc4 e6 7. Bb3 Be7 8. Be3 Qc7 9. f3 Nc6 10. Qd2 Bd7 11. g4 h6 12. 0-0-0 Ne5 13. Kb1 Nc4 14. Bxc4 Qxc4 15. h4 0-0-0 16. Nb3 Kb8 17. Bf2 Qc7 18. Qd4 b5 19. Ne2 e5 20. Qe3 Be6 21. g5 Nd7 22. Nc3 hxg5 23. hxg5 Rxh1 24. Rxh1 Nc5 25. Qd2 Qc6 26. Nd5 Bxd5 27. exd5 Nxb3 28. axb3 Qc7 29. c4 Rc8 30. Rc1 g6 31. Be3 Qd7 32. Rc2 f5 33. gxf6 Bxf6 34. c5 dxc5 35. Bxc5 Qb7 36. Qd3 Qf7 37. d6 Bd8 38. d7 Rc6 39. Bd6+ Kb7 40. Rxc6 Kxc6 41. Bxe5 Qf5 42. Qxf5 1/2-1/2

[Event "WchT Seniors 50"]
[Site "Krakow"]
[Date "2024.07.03"]
[Round "2.2"]
[White "Dishman, Stephen"]
[Black "Burrows, Martin P"]
[Result "1-0"]
[WhiteElo "2306"]
[BlackElo "2010"]
[PlyCount "111"]
[EventDate "2024.07.02"]
[EventType "team-swiss"]
[EventRounds "9"]
[EventCountry "POL"]
[SourceTitle "CBM 221 Extra"]
[Source "ChessBase"]
[SourceDate "2024.09.30"]
[SourceVersion "1"]
[SourceVersionDate "2024.09.30"]
[SourceQuality "1"]
[WhiteTeam "England 50 II"]
[BlackTeam "England 50 III"]
[WhiteTeamCountry "ENG"]
[BlackTeamCountry "ENG"]

1. Nf3 Nf6 2. c4 e6 3. g3 d5 4. Bg2 Be7 5. 0-0 0-0 6. d4 dxc4 7. Qc2 a6 8. a4 Bd7 9. Qxc4 Bc6 10. Bf4 Bd6 11. Nc3 Bxf4 12. gxf4 a5 13. e3 Na6 14. Ne5 Bxg2 15. Kxg2 Nb4 16. Rac1 c6 17. h3 Qe7 18. Rfd1 Rfc8 19. Qe2 Nbd5 20. Rc2 Qb4 21. Nd3 Qe7 22. Nc5 Rd8 23. Qf3 g6 24. Ne2 Kh8 25. Ng3 Qc7 26. Rcd2 Rg8 27. Nd3 Nb6 28. b3 Rad8 29. Ne5 Rgf8 30. e4 Nbd7 31. Qc3 Nxe5 32. fxe5 Ne8 33. f4 Qb6 34. Nf1 Nc7 35. Ne3 Qb4 36. Qxb4 axb4 37. Nc4 Kg8 38. Nb6 Rfe8 39. Kf3 Na8 40. Nc4 Re7 41. d5 cxd5 42. exd5 Rxd5 43. Rxd5 exd5 44. Rxd5 Nc7 45. Rd8+ Kg7 46. Rb8 Ne6 47. Nd6 Nc5 48. Ne8+ Kh6 49. Nf6 Rc7 50. Rh8 Kg7 51. Rg8+ Kh6 52. Ng4+ Kh5 53. Rg7 g5 54. Rxg5+ Kh4 55. Nf6 Kxh3 56. Rh5# 1-0

[Event "ENG-ch"]
[Site "Kenilworth"]
[Date "2024.06.22"]
[Round "6"]
[White "Yu, Rock"]
[Black "Burrows, Martin P"]
[Result "1/2-1/2"]
[WhiteElo "1939"]
[BlackElo "2019"]
[PlyCount "81"]
[EventDate "2024.06.20"]
[EventType "swiss"]
[EventRounds "7"]
[EventCountry "ENG"]
[SourceTitle "CBM 220 Extra"]
[Source "ChessBase"]
[SourceDate "2024.07.31"]
[SourceVersion "1"]
[SourceVersionDate "2024.07.31"]
[SourceQuality "1"]

1. e4 c5 2. c4 e6 3. Nc3 Nc6 4. g3 g6 5. Bg2 Bg7 6. Nge2 Nge7 7. 0-0 0-0 8. Rb1 d6 9. a3 a5 10. d3 e5 11. h3 f5 12. f4 Kh8 13. Kh2 Be6 14. Nd5 Bxd5 15. exd5 Nd4 16. b4 Nxe2 17. Qxe2 axb4 18. axb4 b6 19. Re1 Ng8 20. fxe5 Bxe5 21. Bb2 Re8 22. Bxe5+ Rxe5 23. Qb2 Qf6 24. bxc5 Rxe1 25. Qxf6+ Nxf6 26. Rxe1 bxc5 27. Re6 Ne8 28. g4 fxg4 29. hxg4 Rd8 30. Kg3 Kg8 31. Kh4 Kf7 32. Kg5 Nc7 33. Re3 Re8 34. Be4 Kg7 35. Re2 Re5+ 36. Kf4 g5+ 37. Kf3 Ne8 38. Ra2 Re7 39. Bf5 h6 40. Ra6 Kf6 41. Be4 1/2-1/2

[Event "ENG-ch Seniors 50"]
[Site "Kenilworth"]
[Date "2024.05.27"]
[Round "5"]
[White "Burrows, Martin P"]
[Black "Alldritt, Nigel RE"]
[Result "1/2-1/2"]
[WhiteElo "2008"]
[BlackElo "1983"]
[PlyCount "49"]
[EventDate "2024.05.24"]
[EventType "swiss"]
[EventRounds "7"]
[EventCountry "ENG"]
[SourceTitle "CBM 220 Extra"]
[Source "ChessBase"]
[SourceDate "2024.07.31"]
[SourceVersion "1"]
[SourceVersionDate "2024.07.31"]
[SourceQuality "1"]

1. e4 e6 2. d4 d5 3. Nc3 Bb4 4. e5 c5 5. a3 Bxc3+ 6. bxc3 Ne7 7. h4 Nbc6 8. h5 h6 9. Qg4 Qc7 10. Qxg7 Rg8 11. Qxh6 cxd4 12. Ne2 dxc3 13. f4 Bd7 14. Qh7 0-0-0 15. Qd3 d4 16. h6 Rg6 17. h7 Rh8 18. Nxd4 Nxd4 19. Qxd4 Bc6 20. Qxc3 Bxg2 21. Qxc7+ Kxc7 22. Bxg2 Rxg2 23. Bd2 Rg7 24. 0-0-0 Rgxh7 25. Rxh7 1/2-1/2

[Event "ENG-ch Seniors 50"]
[Site "Kenilworth"]
[Date "2024.05.26"]
[Round "4"]
[White "Bradbury, Neil H"]
[Black "Burrows, Martin P"]
[Result "1-0"]
[WhiteElo "2182"]
[BlackElo "2008"]
[PlyCount "61"]
[EventDate "2024.05.24"]
[EventType "swiss"]
[EventRounds "7"]
[EventCountry "ENG"]
[SourceTitle "CBM 220 Extra"]
[Source "ChessBase"]
[SourceDate "2024.07.31"]
[SourceVersion "1"]
[SourceVersionDate "2024.07.31"]
[SourceQuality "1"]

1. d4 Nf6 2. Nf3 e6 3. Bf4 c5 4. e3 Be7 5. Bd3 0-0 6. Nbd2 cxd4 7. exd4 b6 8. Qe2 Bb7 9. c3 d6 10. h3 Nbd7 11. 0-0 Re8 12. Bh2 a6 13. Rfe1 Nf8 14. Ng5 Nd5 15. Ngf3 Ng6 16. Be4 b5 17. a4 Bc6 18. axb5 axb5 19. Bxd5 Bxd5 20. Qxb5 Rb8 21. Qa4 Rxb2 22. c4 Ba8 23. d5 exd5 24. Bxd6 dxc4 25. Nxc4 Rb7 26. Nd4 Rd7 27. Nf5 Rf8 28. Nxe7+ Nxe7 29. Bxe7 Rxe7 30. Rxe7 Bxg2 31. Re3 1-0

[Event "BCF-chT3W 2324 (4NCL)"]
[Site "England"]
[Date "2024.05.06"]
[Round "11.13"]
[White "Burrows, Martin P"]
[Black "Howell, Chris I"]
[Result "1-0"]
[WhiteElo "2132"]
[BlackElo "1873"]
[PlyCount "73"]
[EventDate "2023.11.18"]
[EventType "team-tourn"]
[EventRounds "11"]
[EventCountry "ENG"]
[SourceTitle "EXT 2025"]
[Source "ChessBase"]
[SourceDate "2024.10.14"]
[SourceVersion "1"]
[SourceVersionDate "2024.10.14"]
[SourceQuality "1"]
[WhiteTeam "The Rookies"]
[BlackTeam "Sussex Martlets III"]
[WhiteTeamCountry "ENG"]
[BlackTeamCountry "ENG"]

1. e4 c5 2. Nf3 Nc6 3. d4 cxd4 4. Nxd4 Nf6 5. Nc3 e5 6. Ndb5 d6 7. Bg5 a6 8. Na3 b5 9. Nd5 Qa5+ 10. Bd2 Qd8 11. Bd3 Be6 12. c4 Nd4 13. 0-0 Be7 14. Nxf6+ Bxf6 15. cxb5 axb5 16. Nxb5 0-0 17. Nxd4 exd4 18. a4 Ra7 19. b4 Qa8 20. b5 Bd8 21. Bb4 Bc7 22. Re1 Rd8 23. Bc2 Bb6 24. Qd3 g6 25. Qd2 Bc4 26. Rac1 d3 27. Bxd3 Bxd3 28. Qxd3 Rxa4 29. Bc3 Ra2 30. Bd4 Ba5 31. Re2 Rxe2 32. Qxe2 Re8 33. Ba1 Qd8 34. Qb2 f6 35. f3 Bb6+ 36. Kh1 Be3 37. Qb3+ 1-0

[Event "BCF-chT3W 2324 (4NCL)"]
[Site "England"]
[Date "2024.05.05"]
[Round "10.11"]
[White "Vaidyanathan, Adithya"]
[Black "Burrows, Martin P"]
[Result "1-0"]
[WhiteElo "2041"]
[BlackElo "2132"]
[PlyCount "111"]
[EventDate "2023.11.18"]
[EventType "team-tourn"]
[EventRounds "11"]
[EventCountry "ENG"]
[SourceTitle "EXT 2025"]
[Source "ChessBase"]
[SourceDate "2024.10.14"]
[SourceVersion "1"]
[SourceVersionDate "2024.10.14"]
[SourceQuality "1"]
[WhiteTeam "Warwicks Select II"]
[BlackTeam "The Rookies"]
[WhiteTeamCountry "ENG"]
[BlackTeamCountry "ENG"]

1. Nf3 Nf6 2. d4 e6 3. c4 b6 4. Nc3 Bb4 5. Qb3 a5 6. Bg5 Bb7 7. a3 Bxc3+ 8. Qxc3 h6 9. Bh4 d6 10. Nd2 Nbd7 11. f3 a4 12. e4 e5 13. d5 0-0 14. Bd3 Qe8 15. 0-0 Nh5 16. Bf2 Nc5 17. b4 axb3 18. Bxc5 bxc5 19. Nxb3 Bc8 20. Bc2 Nf4 21. Bd1 f5 22. Kh1 fxe4 23. Nd2 Qg6 24. Rf2 exf3 25. Bxf3 Bf5 26. Qe3 Rfb8 27. g3 Nh3 28. Rg2 Ng5 29. Be2 Rb2 30. g4 Be4 31. Nxe4 Qxe4 32. Qxe4 Nxe4 33. Kg1 Rab8 34. Bd3 Ng5 35. Bc2 Nf3+ 36. Kf1 Rf8 37. Bh7+ Kxh7 38. Rxb2 Nd2+ 39. Ke2 Nxc4 40. Rb7 Rf4 41. a4 Re4+ 42. Kf2 Rxg4 43. a5 Nxa5 44. Rxa5 Rd4 45. Rxc7 Rxd5 46. Raa7 Kg6 47. Rxg7+ Kf5 48. Ke3 Rd4 49. Raf7+ Ke6 50. Rf2 d5 51. Rg6+ Ke7 52. Rd2 Re4+ 53. Kf3 Rf4+ 54. Kg3 c4 55. Ra2 Kf8 56. Rxh6 1-0

[Event "BCF-chT3W 2324 (4NCL)"]
[Site "England"]
[Date "2024.02.11"]
[Round "6.14"]
[White "Wilson, Edgar"]
[Black "Burrows, Martin P"]
[Result "0-1"]
[WhiteElo "2008"]
[BlackElo "2132"]
[PlyCount "160"]
[EventDate "2023.11.18"]
[EventType "team-tourn"]
[EventRounds "11"]
[EventCountry "ENG"]
[SourceTitle "EXT 2025"]
[Source "ChessBase"]
[SourceDate "2024.10.14"]
[SourceVersion "1"]
[SourceVersionDate "2024.10.14"]
[SourceQuality "1"]
[WhiteTeam "Oxford II"]
[BlackTeam "The Rookies"]
[WhiteTeamCountry "ENG"]
[BlackTeamCountry "ENG"]

1. e4 c5 2. Nf3 d6 3. d4 cxd4 4. Nxd4 Nf6 5. Nc3 a6 6. Be2 e5 7. Nb3 Be7 8. 0-0 0-0 9. Be3 Be6 10. Qd2 Nbd7 11. a4 Nb6 12. a5 Nc4 13. Bxc4 Bxc4 14. Rfd1 Rc8 15. f3 Rc6 16. Nc1 d5 17. exd5 Nxd5 18. Nxd5 Bxd5 19. Nd3 Qb8 20. Nb4 Bxb4 21. Qxb4 Be6 22. c3 Bf5 23. Rd2 Re8 24. Rd5 Qc8 25. Rad1 h6 26. Rd6 Rxd6 27. Qxd6 e4 28. f4 Qc4 29. Qd2 Bg4 30. Re1 Qb5 31. b4 Be6 32. Bd4 Bc4 33. Re3 f5 34. Rg3 Re7 35. Qe3 Kh7 36. h4 Be2 37. Qf2 Bg4 38. Re3 Rd7 39. Qe1 Qc4 40. Qd2 Kg8 41. Re1 Kf7 42. Qe3 Kg6 43. Kh2 Kh5 44. Kg3 Rd6 45. Qf2 Rg6 46. Kh2 Qc7 47. Rc1 Qd8 48. g3 Qd7 49. Rc2 Rd6 50. Rd2 Qb5 51. Bxg7 Rxd2 52. Qxd2 Qf1 53. Qg2 Qd3 54. Qa2 Qd7 55. Bd4 Bd1 56. Qd2 Qa4 57. Be3 Kg4 58. Qg2 Kh5 59. Qd2 Qb3 60. Bd4 Bf3 61. Be3 Qb1 62. Bg1 Qf1 63. Qf2 Qc1 64. Qe3 Qc2+ 65. Bf2 Kg4 66. Qe1 Be2 67. Kg1 Kf3 68. Bd4 e3 69. Bxe3 Kxe3 70. Qf2+ Kd2 71. Qd4+ Kc1 72. c4 Bxc4 73. Qa1+ Kd2 74. Qd4+ Bd3 75. Qf2+ Kc3 76. Qc5+ Kb3 77. Qd5+ Kxb4 78. Qxb7+ Kxa5 79. Qd5+ Kb4 80. Qd6+ Qc5+ 0-1

[Event "Sitges Sunway op 10th"]
[Site "Sitges"]
[Date "2023.12.21"]
[Round "9"]
[White "Anand, Batsukh"]
[Black "Burrows, Martin P"]
[Result "1-0"]
[WhiteElo "2263"]
[BlackElo "2037"]
[PlyCount "69"]
[EventDate "2023.12.12"]
[EventType "swiss"]
[EventRounds "10"]
[EventCountry "ESP"]
[SourceTitle "EXT 2025"]
[Source "ChessBase"]
[SourceDate "2024.10.14"]
[SourceVersion "1"]
[SourceVersionDate "2024.10.14"]
[SourceQuality "1"]

1. Nf3 Nf6 2. c4 e6 3. d4 b6 4. g3 Ba6 5. Qc2 Bb4+ 6. Bd2 Bxd2+ 7. Nbxd2 Bb7 8. Bg2 d6 9. e4 Qe7 10. 0-0 e5 11. b4 c5 12. bxc5 bxc5 13. Rab1 Bc8 14. dxe5 dxe5 15. Nxe5 Qxe5 16. Nf3 Qh5 17. e5 Bf5 18. Qa4+ Nfd7 19. Nh4 Bxb1 20. Rxb1 0-0 21. Bxa8 Nxe5 22. Qxa7 Nbc6 23. Bxc6 Nxc6 24. Qc7 Nd4 25. Rb8 g6 26. a4 Rxb8 27. Qxb8+ Kg7 28. a5 g5 29. Qe5+ Kg8 30. Kg2 Qh6 31. Nf3 Nxf3 32. Kxf3 Qc6+ 33. Qd5 Qf6+ 34. Kg2 h5 35. a6 1-0